ბათუმის შოთა რუსთაველის სახელმწიფო უნივერსიტეტის ბიბლიოთეკა

ქართლის ცხოვრების ქრონიკები. წ. 2 : (ბიბ.ჩანაწერი № 56565)

000 -ლიდერი
ფიქსირებული სიგრძის საკონტროლო ველი 01623nam a2200277Ia 4500
001 - საკონტროლო ნომერი
საკონტროლო ველი 23679
003 - საკონტროლო ნომრის იდენტიფიკატორი
საკონტროლო ველი GE_BSU
005 - ბოლო ოპერაციის თარიღი და დრო
საკონტროლო ველი 20260311173757.0
008 - ფიქსირებული სიგრძის მონაცემთა ელემენტები - ზოგადი ინფორმაცია
ფიქსირებული სიგრძის საკონტროლო ველი 181216s1976||||ge |||||||||||||| ||geo||
040 ## - კატალოგიზაციის წყარო
Transcribing agency GE_BSU
041 ## - ენის კოდი
Language code of text/sound track or separate title geo
080 ## - უნივერსალური ათობითი კლასიფიკაციის ინდექსი
Universal Decimal Classification number 94(479.22) ქ-95
100 ## - მთავარი ჩანაწერი - პიროვნების სახელი
Personal name ჭელიძე, ვახტანგ
9 (RLIN) 27115
245 ## - ცნობა სათაურის შესახებ
Title ქართლის ცხოვრების ქრონიკები. წ. 2 :
Remainder of title [მე-9 საუკ-დან დავით აღმაშენებლის ეპოქამდე] /
Statement of responsibility, etc მოთხრობილი ვახტანგ ჭელიძის მიერ ; რედ. : გ. მელიქიშვილი, თ. პაპუაშვილი ; მხატვ. : დ. დუნდუა.
250 ## - გამოცემის ცნობა
Edition statement 1-ლი გამოცემა
264 ## - წარმოების, გამოცემის, დისტრიბუციის და სხვა ცნობები
გამოცემის, წარმოების, დისტრიბუციის... ადგილი თბილისი :
გამოცემის, წარმოების, დისტრიბუციის... სახელწოდება ნაკადული,
გამოცემის, წარმოების, დისტრიბუციის... თარიღი 1976.
300 ## - ფიზიკური აღწერა
Extent 430 გვ. ;
Dimensions 21 სმ.
653 ## - INDEX TERM--UNCONTROLLED
Uncontrolled term მე-9 საუკ-დან დავით აღმაშენებლის ეპოქამდე
653 ## - INDEX TERM--UNCONTROLLED
Uncontrolled term საქართველოს ისტორია
653 ## - INDEX TERM--UNCONTROLLED
Uncontrolled term ქართლის ცხოვრების ქრონიკები. მოთხრობილი ვახტანგ ჭელიძის მიერ. წ. 2.
700 ## - ADDED ENTRY--PERSONAL NAME
Personal name ლიქიშვილი, გ.
Relator term რედაქტორი
9 (RLIN) 27116
700 ## - ADDED ENTRY--PERSONAL NAME
Personal name პაპუაშვილი, თ.
Relator term რედაქტორი
9 (RLIN) 27114
700 ## - ADDED ENTRY--PERSONAL NAME
Personal name დუნდუა, დ.
Relator term მხატვარი
9 (RLIN) 4812
942 ## - ADDED ENTRY ELEMENTS (KOHA)
Koha item type წიგნი
Source of classification or shelving scheme
ეგზემპლარები
ჩამოწერის სტატუსი დაკარგული ეგზემპლარის სტატუსი კლასიფიკაციის წყარო ან თაროზე გაწყობის სქემა დაზიანების სტატუსი არ გაიცემა მუდმივი მდებარეობა (დაცვის ადგილი) ამჟამინდელი ადგილსამყოფელი თაროზე განთავსების ადგილი შეძენის თარიღი ღირებულება, შესყიდვის ნორმალური ფასი სრული შენახვის შიფრი შტრიხკოდი ბოლო ოპერაციის თარიღი ეგზემპლარის მიმდევრობითი ნომერი (კეტერი?) ფასის ძალაში შესვლის თარიღი ეგზემპლარის სახეობა საჯარო შენიშვნა
          ბათუმის შოთა რუსთაველის სახელმწიფო უნივერსიტეტის მთავარი ბიბლიოთეკა ბათუმის შოთა რუსთაველის სახელმწიფო უნივერსიტეტის მთავარი ბიბლიოთეკა წიგნსაცავი 2018-12-17 1.86 94(479.22) ქ-95 28490 2018-12-17 28490 2018-12-17 წიგნი 1.86 ₾.